Statystyki dla Ekstremalny quiz o Harrym Potterze - 208 imion i nazwisk

Kliknij tutaj aby rozwiązać quiz!

Ogólne statystyki

  • Ten quiz został rozwiązany 606 razy
  • Średni wynik to 83 z 208

Statystyki odpowiedzi

HintOdpowiedź% Poprawnych
Harry Potter
98%
Ron Weasley
94%
Hermiona Granger
91%
Albus Dumbledore
82%
Fred Weasley
82%
Ginny Weasley
82%
Draco Malfoy
80%
George Weasley
80%
Severus Snape
80%
Artur Weasley
78%
Molly Weasley
78%
Syriusz Black
77%
James Potter
76%
Bill Weasley
75%
Lily Potter
75%
Remus Lupin
74%
Charlie Weasley
73%
Percy Weasley
73%
Lucjusz Malfoy
72%
Luna Lovegood
70%
Rubeus Hagrid
70%
Narcyza Malfoy
69%
Minerwa McGonagall
66%
Neville Longbottom
66%
Siostra Dumbledore'aAriana Dumbledore
65%
Cho Chang
65%
Dolores Umbridge
65%
Dudley Dursley
65%
Katie Bell
64%
Lord Voldemort
64%
Petunia Dursley
64%
Ojciec VoldemortaTom Riddle senior
64%
Zgredek
64%
Brat Dumbledore'aAberforth Dumbledore
63%
Vernon Dursley
63%
Alastor Moody
62%
BarmanTom
62%
Cedrik Diggory
61%
Nimfadora Tonks
61%
Bellatrix Lestrange
60%
Ojciec CedrikaAmos Diggory
58%
Hedwiga
58%
Regulus Black
58%
Fleur Delacour
57%
Matka Dumbledore'aKendra Dumbledore
57%
Córka RonaRose Weasley
56%
Wiktor Krum
56%
Gregory Goyle
55%
Syn RonaHugo Weasley
55%
Korneliusz Knot
54%
Ollivander
54%
Albus Severus Potter
53%
PająkAragog
52%
Barty Crouch junior
52%
Barty Crouch senior
52%
Dean Thomas
52%
Znany z obrazu, były dyrektor, przodek SyriuszaFineas Nigellus Black
52%
Peter Pettigrew
52%
Mąż BellatrixRudolf Lestrange
52%
Urodził się w trakcie siódmej częściTeddy Lupin
52%
Matka członkini zakonuAndromeda Tonks
51%
Prawie bezgłowy Nick
51%
CerberPuszek
51%
Gilderoy Lockhart
50%
Gruba Dama
50%
Salazar Slytherin
50%
Kwiryniusz Quirrell
49%
Stworek
49%
Ojciec członkini zakonuTed Tonks
49%
Vincent Crabbe
49%
Filius Flitwick
48%
Siostra FleurGabrielle Delacour
48%
Godryk Gryffindor
48%
Rowena Ravenclaw
48%
Scorpius Malfoy
48%
Argus Filch
47%
Helga Hufflepuff
47%
Horacy Slughorn
47%
Marge Dursley
47%
Pomona Sprout
47%
Babcia NevillaAugusta Longbottom
46%
Oliver Wood
46%
Znana z obrazuPani Black
46%
Irytek
45%
Kumpel bliźniakówLee Jordan
45%
Skrzat CrouchówMrużka
45%
Pansy Parkinson
45%
Kieł
44%
Krwawy Baron
44%
WilkołakFenrir Greyback
43%
CentaurFirenzo
43%
Brat HagridaGraup
43%
Dziadek VoldemortaMarvolo Gaunt
43%
Seamus Finnigan
43%
Krzywołap
42%
Helena RavenclawSzara Dama
42%
Śmierciożerczyni, nauczycielkaAlecto Carrow
41%
Lavender Brown
41%
Matka VoldemortaMeropa Gaunt
41%
Padma Patil
41%
Parvati Patil
41%
Sybilla Trelawney
41%
Xenophilius Lovegood
41%
Śmierciożerca, nauczycielAmycus Carrow
40%
Jęcząca Marta
40%
Nauczyciel historiiBinns
39%
Sowa WeasleyówErrol
39%
Gellert Grindelwald
39%
Wuj VoldemortaMorfin Gaunt
39%
Autor książki, bohater Fantastycznych stworzeńNewt Scamander
39%
Angelina Johnson
38%
GoblinGryfek
38%
Hardodziob
38%
Poprzedni dyrektor HogwartuArmando Dippet
37%
Blaise Zabini
36%
Igor Karkarow
36%
DungMundungus Fletcher
36%
Poppy Pomfrey
36%
Jej ciotka była szefową departamentu Przestrzegania Prawa CzarodziejówSusan Bones
34%
Colin Creevey
33%
HistoryczkaBathilda Bagshot
32%
Gryfon, gracz Quidditcha, członek klubu ŚlimakaCormac Mclaggen
32%
Brat ColinaDennis Creevey
32%
Gruby Mnich
32%
Nagini
32%
Olimpia Maxime
32%
Dziewczyna Percy'egoPenelopa Clearwater
32%
Szefowa departamentu Przestrzegania Prawa CzarodziejówAmelia Bones
31%
Ślizgon, gracz QuidditchaMarcus Flint
31%
Rita Skeeter
30%
Rolanda Hooch
30%
Zakochana w HarrymRomilda Vane
30%
CentaurZakała
30%
Twórca różdżek, jeden z właścicielów Czarnej RóżdżkiGregorowicz
29%
Człowiek zakonu, został ministremKingsley Shacklebolt
29%
KrawcowaMadame Malkin
29%
Matka Snape'aEileen Prince
28%
Właścicielka i barmanka Trzech miotełMadame Rosmerta
28%
Pani Norris
28%
Stan Shunpike
28%
Ernie Macmillan
27%
Hanna Abbott
27%
Zastępowała Hagrida w nauczaniuWilhelmina Grubbly-Plank
27%
Przyjaciel Dumbledore'aElfias Doge
26%
Sowa RonaŚwinka
26%
Alicja Spinnet
25%
Śmierciożerca, SłowianinAntonin Dołohow
25%
Arabella Figg
25%
Ślizgonka, właścicielka kotaMillicenta Bulstrode
25%
Ciotka RonaMuriel
25%
Puchon, członek gwardii Dumbledore'aZachariasz Smith
25%
Nauczycielka astronomiiAurora Sinistra
24%
BibliotekarkaPince
24%
Rufus Scrimgeour
24%
Ogrodnik RiddleyówFrank Bryce
22%
Ludo Bagman
22%
Zdrajczyni z gwardiiMarietta Edgecombe
22%
Nauczycielka numerologiiVector
22%
Puchon, ofiara BazyliszkaJustyn Finch-Fletchley
21%
Rzekomo potomkini Helgi HufflepuffHepzibah Smith
20%
Sowa Percy'egoHermes
20%
Śmierciożerca, kat niebezpiecznych stworzeńMacnair
20%
Nicolas Flamel
20%
Norbert
20%
Śmierciożerca, szpieg ministerstwaYaxley
20%
szefowa Wydziału Niewłaściwego Użycia Czarów.Mafalda Hopkirk
19%
Minister pod wpływem imperiusaPius Thicknesse
19%
Znany z obrazuSir Cadogan
19%
ŚmierciożercaAugustus Rookwood
18%
Właściciel sklepuBorgin
18%
Właściciel fioletowego cylindraDedalus Diggle
18%
Członkini zakonuHestia Jones
18%
Kolega DudleyaPiers Polkiss
18%
ŚlizgonTeodor Nott
18%
Kierowca Błędnego rycerzaErnie Prang
17%
Jego wujek wynalazł eliksir tojadowyMarcus Belby
17%
Krukon, były chłopak GinnyMichael Corner
17%
Właściciel sklepuBurkes
16%
Oskarżona o bycie mugolakiem, ma mężaMary Cattermole
16%
Jego żona była oskarżona o bycie mugolakiemReg Cattermole
16%
Puszek pigmejskiArnold
15%
CentaurRonan
15%
Krukon, członek gwardii, krewny bohaterek Fantastycznych stworzeńAnthony Goldstein
14%
Została wykorzystana do odrodzenia VoldemortaBerta Jorkins
14%
Wysłany z ministerstwa do GauntówBob Ogden
14%
Harry zmienił się w niego gdy włamał się do ministerstwaRuncorn
14%
Teodora
14%
Krukon, członek gwardiiTerry Boot
14%
Członkini zakonuEmmelina Vance
13%
CentaurMagorian
13%
PiesMajcher
13%
SzmalcownikScabior
13%
Ślizgon, gracz QuidditchaAdrian Pucey
12%
ŚmierciożercaAvery
12%
Przełożona sierocińcaCole
12%
Gryfonka, gracz Quidditcha w szóstym roku Harry'egoDemelza Robins
11%
Ślizgon, gracz Quidditcha, trafił do szafki zniknięćMontague
11%
Krukon, gracz QuidditchaRoger Davies
11%
NiewymownyBroderyk Bode
10%
Bujdka
10%
PiosenkarkaCelestyna Warbeck
10%
Szef Urzędu Łączności z Goblinami, mugolakDirk Cresswell
9%
Uczył teleportacjiWilkie Twycross
9%
"A ta, jak jej tam, twoja przyjaciółka.."Yvonne
9%
AurorDawlish
8%
Członek zakonuSturgis Podmore
8%
EgzaminatorTofty
8%
EgzaminatorkaGriselda Marchbanks
7%

Rozkład punktacji

Percentyl według liczby udzielonych odpowiedzi

Procent ludzi z każdym wynikiem

Twoja historia wyników

Nie rozwiązałeś tego quizu